• 首页
  • 本馆介绍
  • 公告通知
  • 最新文献
  • 馆藏检索
  • 电子资源
  • 读者导购
  • 参考咨询
  • 我的图书馆
  • 登录
  • 详细信息显示
  • 放入我的书架
  • 预约/预借图书
  • 作者相关作品
  • 分类相关作品
  • 丛书相关作品
  • 出版社相关作品

书目信息

  • 表格格式
  • 工作单格式
  • 卡片格式
题名:
VisualC++6.0数据库开发技术与工程实践
    
 
作者: ;求是科技
分册:  
出版信息: 北京   人民邮电  2004
页数: 483
开本: 26cm
丛书名:
单 册:
中图分类: TP321C
科图分类:
主题词: 计算器 , 电子计算机--一般计算器和计算机
电子资源:
ISBN: 7-1156-11703-9
000 00613nam0 2200193 450
001 0737190390
005 20070818101950.39
010    @a7-1156-11703-9@d¥48.00
100    @a20070818d km y0chiy0120 ea
101 0  @achi
200 1  @aVisualC++6.0数据库开发技术与工程实践@AVisualC++6.0 shu ju ku kai fa ji shu yu gong cheng shi jian@f求是科技@Fqiu shi ke ji
210    @a北京@c人民邮电@d2004
215    @a483@d26cm@e1CD*2
606 0  @a计算器
606 0  @a电子计算机@x一般计算器和计算机
690    @aTP321C@v3
711 02 @a求是科技@Aqiu shi ke ji
801  0 @aCN@bPFT@c20070818
905    @a213230@dTP321C@eJ150QS@f1
    
    VisualC++6.0数据库开发技术与工程实践/求是科技.-北京:人民邮电,2004
    483;26cm+1CD*2
    
    
    ISBN 7-1156-11703-9:¥48.00
    
●
相关链接 在E读中查询图书 在五车中查询图书 在当当中查询图书 在豆瓣中查询图书


正题名:VisualC++6.0数据库开发技术与工程实践     索取号:TP321C/J150QS         预约/预借

序号 登录号 条形码 馆藏地/架位号 状态 备注
1 6101831   261018311   密集书库—计算机科学学院/ [索取号:TP321C/J150QS] 在馆    
2 6101832   261018320   密集书库—计算机科学学院/ [索取号:TP321C/J150QS] 在馆    
唐山师范学院图书馆 欢迎您!
大连网信软件有限公司© 版权所有